Akta pencegahan rasuah 1997 (Akta 575) & Anti-Corruption Act 1997 (Act 575) (Record no. 4302)

000 -LEADER
fixed length control field nam a22 a 4500
003 - CONTROL NUMBER IDENTIFIER
control field AKMAL
005 - DATE AND TIME OF LATEST TRANSACTION
control field 20170526161041.0
008 - FIXED-LENGTH DATA ELEMENTS--GENERAL INFORMATION
fixed length control field 170526s1998 my 00 may d
020 ## - INTERNATIONAL STANDARD BOOK NUMBER
International Standard Book Number 9678908867 (kkt.):
Terms of availability RM 12.50
082 04 - DEWEY DECIMAL CLASSIFICATION NUMBER
Classification number 345.59502323 PEN
090 00 - LOCALLY ASSIGNED LC-TYPE CALL NUMBER (OCLC); LOCAL CALL NUMBER (RLIN)
Classification number (OCLC) (R) ; Classification number, CALL (RLIN) (NR) 345.59502323
Local cutter number (OCLC) ; Book number/undivided call number, CALL (RLIN) PEN
110 1# - MAIN ENTRY--CORPORATE NAME
Corporate name or jurisdiction name as entry element Malaysia
9 (RLIN) 400
240 10 - UNIFORM TITLE
Uniform title Akta pencegahan rasuah 1997.
Language of a work English
245 10 - TITLE STATEMENT
Title Akta pencegahan rasuah 1997 (Akta 575) & Anti-Corruption Act 1997 (Act 575)
Remainder of title as at 25th July 1998 /
Statement of responsibility, etc. compiled by Legal Research Board
260 ## - PUBLICATION, DISTRIBUTION, ETC.
Place of publication, distribution, etc. Kuala Lumpur :
Name of publisher, distributor, etc. International Law Book Services,
Date of publication, distribution, etc. 1998
300 00 - PHYSICAL DESCRIPTION
Extent 131ms. ;
Dimensions 24cm
500 ## - GENERAL NOTE
General note Teks sejajar bahasa Melayu dan Inggeris
650 #0 - SUBJECT ADDED ENTRY--TOPICAL TERM
Topical term or geographic name entry element Corruption (in politics)
Geographic subdivision Malaysia
9 (RLIN) 8382
650 #0 - SUBJECT ADDED ENTRY--TOPICAL TERM
Topical term or geographic name entry element Bribery
General subdivision Law and legislation
Geographic subdivision Malaysia
9 (RLIN) 8383
710 2# - ADDED ENTRY--CORPORATE NAME
Corporate name or jurisdiction name as entry element Lembaga Penyelidikan Undang-Undang
9 (RLIN) 8384
942 ## - ADDED ENTRY ELEMENTS (KOHA)
Source of classification or shelving scheme
Koha item type Book
Holdings
Withdrawn status Lost status Source of classification or shelving scheme Damaged status Not for loan Collection code Home library Current library Shelving location Date acquired Total Checkouts Full call number Barcode Date last seen Price effective from Koha item type
          NON-FICTION AKMAL Melaka AKMAL Melaka PINJAMAN 26.05.2017   345.59502323 PEN 201706146 26.05.2017 26.05.2017 Book
Pusat Sumber Maklumat Dato' Haji Sarmin Md Hussin, Akademi Kastam Diraja Malaysia, Melaka
Tel: 06-2331106 | Faks: 06-2313787